BASIC PRINCIPLES OF POWER ELECTRONICS (Record no. 585601)
[ view plain ]
| 000 -LEADER | |
|---|---|
| fixed length control field | 00308nam a22001217a 4500 |
| 082 ## - DEWEY DECIMAL CLASSIFICATION NUMBER | |
| Classification number | 621.381 HEU'B |
| 100 ## - MAIN ENTRY--PERSONAL NAME | |
| Personal name | HEUMANN, KLEMENS |
| 9 (RLIN) | 80708 |
| 245 ## - TITLE STATEMENT | |
| Title | BASIC PRINCIPLES OF POWER ELECTRONICS |
| 260 ## - PUBLICATION, DISTRIBUTION, ETC. | |
| Place of publication, distribution, etc. | NEWYORK |
| Name of publisher, distributor, etc. | SPRINGER VERLAG |
| Date of publication, distribution, etc. | 1986 |
| 300 ## - PHYSICAL DESCRIPTION | |
| Extent | 294P |
| 650 ## - SUBJECT ADDED ENTRY--TOPICAL TERM | |
| Topical term or geographic name entry element | POWER ELECTRONICS |
| 9 (RLIN) | 2000 |
| 942 ## - ADDED ENTRY ELEMENTS (KOHA) | |
| Koha item type | Book |
| Withdrawn status | Lost status | Damaged status | Not for loan | Permanent Location | Current Location | Shelving location | Date acquired | Total Checkouts | Full call number | Barcode | Date last seen | Price effective from | Koha item type |
|---|---|---|---|---|---|---|---|---|---|---|---|---|---|
| College of Electrical & Mechanical Engineering (CEME) | College of Electrical & Mechanical Engineering (CEME) | General Stacks | 07/10/2017 | 621.381 HEU'B | CEME-24418 | 06/28/2021 | 06/28/2021 | Book |
